| 000 | 01024nam a22002297a 4500 | ||
|---|---|---|---|
| 005 | 20080818160350.0 | ||
| 008 | 080818t xxu||||| |||| 00| 0 eng d | ||
| 010 | _aEN-90742 | ||
| 020 | _c1395.00 | ||
| 035 | _aEN-74275 | ||
| 037 | _bDBAD / PUB | ||
| 040 | _aDPL | ||
| 082 | _a344.54041 | ||
| 100 | _aVipul Kumar | ||
| 245 |
_aLegal solutions for medical profession : _b(legal provisions useful for doctors, nursing homes & hospitals) / _cby Vipul Kumar |
||
| 260 |
_aBareilly _bSt. Mathew Scientific Research Foundation _cc2008 |
||
| 300 |
_aviii, 484p. _c24 cm.(Hb) |
||
| 650 |
_aMedical laws and legislation _zIndia |
||
| 942 |
_2ddc _cEN _h344.54041 _mVIP |
||
| 999 |
_c14891 _d14891 |
||